| 000 | 00815cam a2200229 a 4500 | ||
|---|---|---|---|
| 020 | _a0072194340 (electronic bk.) | ||
| 020 | _a0072126639 | ||
| 040 | _cUKM | ||
| 082 | 0 | 0 | _a005 OSB 2001 A006 Or. |
| 100 | 1 | _aFeiler, Jesse. | |
| 245 | 1 | 0 |
_aMac OS X : _bthe complete reference / |
| 260 |
_aNew York : _bOsborne/McGraw-Hill, _cc2001. |
||
| 300 |
_axxxv, 763 p. : _bill. ; _c24 cm. |
||
| 500 | _aIncludes index. | ||
| 650 | 0 | _aOperating systems (Computers) | |
| 650 | 0 | _aMacintosh (Computer) | |
| 856 | 4 | 1 | _uhttp://www.netLibrary.com/urlapi.asp?action=summary&v=1&bookid=65966 |
| 856 | 4 | 2 | _uhttp://www.loc.gov/catdir/description/mh022/2002275312.html |
| 856 | 4 | 1 | _uhttp://www.loc.gov/catdir/toc/mh021/2002275312.html |
| 856 | 4 | 2 | _uhttp://www.loc.gov/catdir/enhancements/fy0707/2002275312-b.html |
| 942 | _cEK | ||
| 999 |
_c11972 _d11972 |
||